[Event "European Online Chess Club Cup 2021 - G"]
[Site "Tornelo.com"]
[Date "2021.03.28"]
[Round "6.1"]
[White "Rapport, Richard"]
[Black "Zavgorodniy, Sergiy"]
[Result "1-0"]
[WhiteElo "2763"]
[BlackElo "2418"]
[PlyCount "55"]
[EventDate "2021.03.27"]
[EventType "team"]
[EventRounds "9"]
[WhiteTeam "OSG Baden Baden e.V."]
[BlackTeam "Green Chess"]

1. c4 Nf6 2. Nc3 d6 3. d4 Nbd7 4. e4 e5 5. Nf3 Be7 6. Be2 O-O 7. O-O c6 8. Be3
Re8 9. Qc2 Qc7 10. Rfd1 Nf8 11. h3 Ng6 12. Bf1 h6 13. b4 Nh7 14. Qd2 a5 15. b5
Bf6 16. b6 Qe7 17. d5 c5 18. Nb5 Bd7 19. Nc7 Ng5 20. Nxg5 hxg5 21. Be2 Red8 22.
Nxa8 Rxa8 23. Bg4 Be8 24. g3 Nf4 25. f3 g6 26. h4 Bd7 27. hxg5 Bxg4 28. gxf6
1-0

[Event "European Online Chess Club Cup 2021 - G"]
[Site "Tornelo.com"]
[Date "2021.03.28"]
[Round "6.1"]
[White "Artemiev, Vladislav"]
[Black "Jakubowski, Krzysztof"]
[Result "1-0"]
[WhiteElo "2709"]
[BlackElo "2497"]
[PlyCount "53"]
[EventDate "2021.03.27"]
[EventType "team"]
[EventRounds "9"]
[WhiteTeam "Ladya Kazan"]
[BlackTeam "SF Berlin"]

1. d4 Nf6 2. Bg5 e6 3. Nd2 c5 4. e3 Nc6 5. Ngf3 b6 6. c3 cxd4 7. exd4 Be7 8.
Bd3 Bb7 9. O-O O-O 10. Re1 Nd5 11. Bxe7 Ncxe7 12. Ne4 Qc7 13. g3 f5 14. Ned2
Rf6 15. c4 Nf4 16. Bf1 Rh6 17. d5 Neg6 18. Ng5 exd5 19. cxd5 Bxd5 20. Ndf3 Rf8
21. Rc1 Qd8 22. gxf4 Nxf4 23. Bc4 Rd6 24. Qd4 Ne6 25. Bxd5 Kh8 26. Qh4 Nxg5 27.
Nxg5 1-0

[Event "European Online Chess Club Cup 2021 - G"]
[Site "Tornelo.com"]
[Date "2021.03.28"]
[Round "7.1"]
[White "Zavgorodniy, Sergiy"]
[Black "Artemiev, Vladislav"]
[Result "0-1"]
[WhiteElo "2418"]
[BlackElo "2709"]
[PlyCount "36"]
[EventDate "2021.03.27"]
[EventType "team"]
[EventRounds "9"]
[WhiteTeam "Green Chess"]
[BlackTeam "Ladya Kazan"]

1. e4 e5 2. Nf3 Nc6 3. Bb5 g6 4. d4 exd4 5. Bg5 Be7 6. h4 Nf6 7. Nbd2 O-O 8.
Qe2 a6 9. Bxc6 dxc6 10. e5 Ng4 11. Ne4 Bf5 12. Ng3 Bb4+ 13. Nd2 Qd5 14. Nxf5
gxf5 15. O-O-O Rae8 16. Bf4 Bxd2+ 17. Qxd2 Qxa2 18. Qxd4 Rd8 0-1

[Event "European Online Chess Club Cup 2021 - G"]
[Site "Tornelo.com"]
[Date "2021.03.28"]
[Round "7.1"]
[White "Valdes Escobar, Alvaro"]
[Black "Rapport, Richard"]
[Result "0-1"]
[WhiteElo "2355"]
[BlackElo "2763"]
[PlyCount "60"]
[EventDate "2021.03.27"]
[EventType "team"]
[EventRounds "9"]
[WhiteTeam "Wood Green Monarchs"]
[BlackTeam "OSG Baden Baden e.V."]

1. c4 f5 2. g3 Nf6 3. Bg2 e5 4. d4 e4 5. f3 Nc6 6. Nh3 exf3 7. Bxf3 Bb4+ 8. Nc3
Qe7 9. O-O Nxd4 10. Nd5 Nxf3+ 11. exf3 Nxd5 12. cxd5 O-O 13. Bf4 d6 14. a3 Ba5
15. b4 Bb6+ 16. Kg2 h6 17. Re1 Qf7 18. Rc1 Re8 19. Qd3 Rxe1 20. Rxe1 Bd7 21.
Bd2 Re8 22. Rxe8+ Qxe8 23. Nf2 Qe5 24. Nd1 a6 25. Nc3 f4 26. Bxf4 Qe1 27. g4
Qg1+ 28. Kh3 Bf2 29. Ne4 Bb5 30. Nf6+ Kf7 0-1

[Event "European Online Chess Club Cup 2021 - G"]
[Site "Tornelo.com"]
[Date "2021.03.28"]
[Round "8.1"]
[White "Rapport, Richard"]
[Black "Celik, Hasan Huseyin"]
[Result "1-0"]
[WhiteElo "2763"]
[BlackElo "2360"]
[PlyCount "75"]
[EventDate "2021.03.27"]
[EventType "team"]
[EventRounds "9"]
[WhiteTeam "OSG Baden Baden e.V."]
[BlackTeam "Chess Boys"]

1. c4 c6 2. e4 d5 3. exd5 cxd5 4. d4 Nc6 5. cxd5 Qxd5 6. Nf3 e6 7. Nc3 Qd8 8.
Bc4 Nf6 9. O-O Be7 10. Re1 O-O 11. a3 Nd5 12. Qd3 Nxc3 13. bxc3 b6 14. h4 Na5
15. Ba2 Bb7 16. Ng5 Bxg5 17. Bxg5 Qc7 18. Bb1 g6 19. h5 Rac8 20. hxg6 hxg6 21.
Bf6 Qf4 22. Be5 Qg5 23. Qh3 f6 24. Qxe6+ Kg7 25. Bg3 Rxc3 26. Ba2 Rc7 27. d5
Rcf7 28. Rac1 Qd2 29. d6 Nc6 30. Rcd1 Qb2 31. d7 Re7 32. Qxe7+ Nxe7 33. Rxe7+
Kh6 34. Re8 Bc6 35. d8=Q Rxe8 36. Qd6 Ba4 37. Qf4+ g5 38. Qxa4 1-0

[Event "European Online Chess Club Cup 2021 - G"]
[Site "Tornelo.com"]
[Date "2021.03.28"]
[Round "8.1"]
[White "Artemiev, Vladislav"]
[Black "Valdes Escobar, Alvaro"]
[Result "1-0"]
[WhiteElo "2709"]
[BlackElo "2355"]
[PlyCount "99"]
[EventDate "2021.03.27"]
[EventType "team"]
[EventRounds "9"]
[WhiteTeam "Ladya Kazan"]
[BlackTeam "Wood Green Monarchs"]

1. Nf3 Nf6 2. c4 c5 3. Nc3 e6 4. e3 b6 5. d4 cxd4 6. exd4 d6 7. Bd3 Be7 8. O-O
Nbd7 9. Bf4 a6 10. Ne4 Nxe4 11. Bxe4 Ra7 12. Re1 Nf6 13. Bc6+ Bd7 14. Bxd7+
Qxd7 15. Qb3 Rb7 16. d5 exd5 17. cxd5 O-O 18. Nd4 Qg4 19. g3 Re8 20. Qa4 Qd7
21. Qxa6 Nxd5 22. Bxd6 Ra7 23. Qb5 Qxb5 24. Nxb5 Rd7 25. Rad1 Nf6 26. Bxe7
Rexe7 27. Kf1 h5 28. Nc3 Rxd1 29. Rxd1 Re6 30. Rd4 g6 31. f3 Kg7 32. Kf2 Rc6
33. a4 g5 34. Ke3 Re6+ 35. Kd2 g4 36. f4 h4 37. b4 hxg3 38. hxg3 Rc6 39. Kd3
Nh5 40. f5 Kf6 41. b5 Rc8 42. Nd5+ Ke5 43. Nxb6 Rg8 44. Nd7+ Kxf5 45. b6 Nxg3
46. b7 Nf1 47. b8=Q Rxb8 48. Nxb8 g3 49. Ke2 g2 50. Kf2 1-0

[Event "European Online Chess Club Cup 2021 - G"]
[Site "Tornelo.com"]
[Date "2021.03.28"]
[Round "9.1"]
[White "Celik, Hasan Huseyin"]
[Black "Artemiev, Vladislav"]
[Result "1/2-1/2"]
[WhiteElo "2360"]
[BlackElo "2709"]
[PlyCount "121"]
[EventDate "2021.03.27"]
[EventType "team"]
[EventRounds "9"]
[WhiteTeam "Chess Boys"]
[BlackTeam "Ladya Kazan"]

1. d4 d5 2. c4 e6 3. cxd5 exd5 4. Nc3 c6 5. Qc2 g6 6. Bf4 Bf5 7. Qd2 Nf6 8. Nf3
Nbd7 9. e3 Be7 10. Be2 O-O 11. h3 Re8 12. O-O a5 13. Ne5 Nxe5 14. Bxe5 Bd6 15.
Bxd6 Qxd6 16. Bd3 Bxd3 17. Qxd3 Re6 18. Rfe1 Kg7 19. Rac1 h5 20. Re2 Rae8 21.
Rce1 Qb4 22. Qc2 Nd7 23. a3 Qb6 24. Na4 Qd8 25. b4 axb4 26. axb4 g5 27. Nc5
Nxc5 28. bxc5 g4 29. g3 gxh3 30. Qf5 h4 31. g4 Qc7 32. e4 Rf6 33. Qg5+ Rg6 34.
Qf5 Qc8 35. Qxc8 Rxc8 36. f3 Rf6 37. exd5 cxd5 38. Re3 Rf4 39. Rd3 Ra8 40. Kh2
Ra4 41. Kxh3 Raxd4 42. Rxd4 Rxd4 43. Rb1 Rd3 44. Rxb7 Rxf3+ 45. Kxh4 Kf6 46.
g5+ Ke6 47. Kg4 Rc3 48. Rb6+ Ke7 49. Rb7+ Ke6 50. Rb6+ Ke5 51. Rf6 Rxc5 52.
Rxf7 Rc1 53. g6 Rg1+ 54. Kh5 d4 55. Rd7 Ke4 56. g7 d3 57. Kh6 Ke3 58. Kh7 d2
59. Rxd2 Kxd2 60. g8=Q Rxg8 61. Kxg8 1/2-1/2

[Event "European Online Chess Club Cup 2021 - G"]
[Site "Tornelo.com"]
[Date "2021.03.28"]
[Round "9.1"]
[White "Finek, Vaclav"]
[Black "Rapport, Richard"]
[Result "0-1"]
[WhiteElo "2361"]
[BlackElo "2763"]
[PlyCount "78"]
[EventDate "2021.03.27"]
[EventType "team"]
[EventRounds "9"]
[WhiteTeam "Bohemian Fire B"]
[BlackTeam "OSG Baden Baden e.V."]

1. d4 e6 2. c4 f5 3. Nc3 Nf6 4. Nf3 Bb4 5. Bf4 Ne4 6. Qc2 Bxc3+ 7. bxc3 g5 8.
Bc1 b6 9. Nd2 Bb7 10. f3 Nxd2 11. Bxd2 O-O 12. e4 fxe4 13. fxe4 Qf6 14. O-O-O
e5 15. d5 Na6 16. Be2 d6 17. Rdf1 Qg7 18. Be3 Rxf1+ 19. Rxf1 Rf8 20. Rxf8+ Kxf8
21. Bg4 Ke7 22. Bf5 h6 23. Qe2 Nc5 24. Kd2 Ba6 25. Qh5 Nd7 26. Bxd7 Kxd7 27.
Qg4+ Kd8 28. h4 Bxc4 29. hxg5 Qg6 30. Qf3 h5 31. Qf8+ Qe8 32. Qf6+ Kc8 33. Ke1
Bd3 34. Qf5+ Kb7 35. g6 Qb5 36. g7 Qb1+ 37. Kf2 Qc2+ 38. Kg3 Bxe4 39. Qf7 Qxg2+
0-1

[Event "European Online Chess Club Cup 2021 - G"]
[Site "Tornelo.com"]
[Date "2021.03.27"]
[Round "1.1"]
[White "Wojtaszek, Radoslaw"]
[Black "Chlpik, Martin"]
[Result "1-0"]
[WhiteElo "2694"]
[BlackElo "2199"]
[PlyCount "77"]
[EventDate "2021.03.27"]
[EventType "team"]
[EventRounds "9"]
[WhiteTeam "Novy Bor"]
[BlackTeam "SK Lions Levice"]

1. d4 Nf6 2. c4 c5 3. d5 e6 4. Nc3 exd5 5. cxd5 d6 6. Nf3 g6 7. Nd2 Nbd7 8. e4
Bg7 9. Be2 O-O 10. O-O Re8 11. h3 a6 12. a4 g5 13. f4 gxf4 14. Rxf4 Ne5 15. Rf2
Bd7 16. Nf1 Ng6 17. Ng3 Rb8 18. Qf1 Re5 19. a5 h5 20. Kh1 h4 21. Nf5 Bxf5 22.
exf5 Ne7 23. Ra4 Qd7 24. Bf4 Rxf5 25. Bd3 Rxd5 26. Nxd5 Nexd5 27. Qd1 Re8 28.
Bd2 Ne3 29. Bxe3 Rxe3 30. Rxh4 Qe7 31. Re2 Nd5 32. Re4 Rxe2 33. Qxe2 Be5 34.
Qg4+ Kf8 35. Qc8+ Qe8 36. Qxb7 Nb4 37. Bc4 Nc2 38. Bxa6 Qe6 39. Qc8+ 1-0

[Event "European Online Chess Club Cup 2021 - G"]
[Site "Tornelo.com"]
[Date "2021.03.27"]
[Round "1.2"]
[White "Solcan, Martin"]
[Black "Navara, David"]
[Result "0-1"]
[WhiteElo "2076"]
[BlackElo "2697"]
[PlyCount "66"]
[EventDate "2021.03.27"]
[EventType "team"]
[EventRounds "9"]
[WhiteTeam "SK Lions Levice"]
[BlackTeam "Novy Bor"]

1. g3 e5 2. Bg2 d5 3. c4 d4 4. d3 Nf6 5. Bg5 Nbd7 6. Nf3 Bd6 7. O-O O-O 8. a3
a5 9. Nbd2 h6 10. Bxf6 Nxf6 11. c5 Bxc5 12. Nxe5 Re8 13. Ndf3 Be6 14. Rc1 Bd6
15. Nc4 Bf8 16. Qd2 a4 17. Qf4 Nd5 18. Qd2 c5 19. e4 dxe3 20. fxe3 b5 21. Nce5
Rc8 22. d4 Nf6 23. Qe2 Qb6 24. Rfd1 Bb3 25. Re1 b4 26. Nc4 Bxc4 27. Qxc4 cxd4
28. Qxc8 Rxc8 29. Rxc8 bxa3 30. bxa3 dxe3 31. Ne5 Qe6 32. Rc3 Qxe5 33. Rexe3
Bc5 0-1

[Event "European Online Chess Club Cup 2021 - G"]
[Site "Tornelo.com"]
[Date "2021.03.27"]
[Round "1.4"]
[White "Nikel, Rastislav"]
[Black "Ragger, Markus"]
[Result "0-1"]
[WhiteElo "1984"]
[BlackElo "2680"]
[PlyCount "102"]
[EventDate "2021.03.27"]
[EventType "team"]
[EventRounds "9"]
[WhiteTeam "SK Lions Levice"]
[BlackTeam "Novy Bor"]

1. e4 e5 2. Nf3 Nc6 3. Bb5 a6 4. Ba4 Nf6 5. O-O Be7 6. Re1 b5 7. Bb3 d6 8. c3
Na5 9. Bc2 c5 10. d4 exd4 11. cxd4 Bg4 12. d5 Nc4 13. h3 Bxf3 14. Qxf3 Nd7 15.
Qe2 O-O 16. Nd2 Nxd2 17. Bxd2 Bf6 18. Rab1 Re8 19. Bf4 Ne5 20. Bg3 Ng6 21. f4
Qa5 22. e5 dxe5 23. Bxg6 hxg6 24. fxe5 Qxa2 25. Qc2 Bd8 26. e6 Qxd5 27. exf7+
Qxf7 28. Qxc5 Bf6 29. Kh2 Qb7 30. b3 Rac8 31. Qf2 a5 32. Rxe8+ Rxe8 33. Re1 Qf7
34. Rxe8+ Qxe8 35. Qc5 Kh7 36. Bd6 a4 37. bxa4 bxa4 38. Kg3 Qe4 39. Qa3 Bd4 40.
Bb4 Qe2 41. h4 Qd1 42. Kf4 Qc2 43. g4 Bb2 44. Qf3 Qc4+ 45. Qe4 Qxe4+ 46. Kxe4
a3 47. Bxa3 Bxa3 48. Kf4 Bb4 49. Ke5 Be1 50. h5 gxh5 51. gxh5 Kh6 0-1

[Event "European Online Chess Club Cup 2021 - G"]
[Site "Tornelo.com"]
[Date "2021.03.27"]
[Round "1.1"]
[White "Grandelius, Nils"]
[Black "Brunner, Nicolas"]
[Result "1-0"]
[WhiteElo "2670"]
[BlackElo "2418"]
[PlyCount "51"]
[EventDate "2021.03.27"]
[EventType "team"]
[EventRounds "9"]
[WhiteTeam "Hamburger Schachklub 1830"]
[BlackTeam "Vandoeuvre-Echecs"]

1. e4 c5 2. Nf3 e6 3. d4 cxd4 4. Nxd4 Nc6 5. Nc3 Qc7 6. g4 a6 7. Be3 b5 8. Nxc6
Qxc6 9. Qd2 b4 10. Ne2 Qxe4 11. Rg1 Qb7 12. O-O-O d5 13. g5 Ne7 14. Nf4 Bd7 15.
Bg2 a5 16. Kb1 a4 17. Rge1 Bc6 18. Bc5 b3 19. Nxe6 fxe6 20. Rxe6 bxa2+ 21. Ka1
O-O-O 22. Bxe7 Bxe7 23. Qc3 Bxg5 24. Rxc6+ Kb8 25. Qe5+ Ka8 26. Bxd5 1-0

[Event "European Online Chess Club Cup 2021 - G"]
[Site "Tornelo.com"]
[Date "2021.03.27"]
[Round "2.1"]
[White "Vidit, Santosh Gujrathi"]
[Black "Grandelius, Nils"]
[Result "1-0"]
[WhiteElo "2726"]
[BlackElo "2670"]
[PlyCount "105"]
[EventDate "2021.03.27"]
[EventType "team"]
[EventRounds "9"]
[WhiteTeam "Novy Bor"]
[BlackTeam "Hamburger Schachklub 1830"]

1. d4 d5 2. c4 e6 3. Nc3 a6 4. cxd5 exd5 5. Nf3 Nf6 6. Bg5 Be6 7. Bxf6 Qxf6 8.
Qb3 Ra7 9. a3 Qd8 10. h4 Be7 11. e4 c6 12. e5 Nd7 13. Qc2 b5 14. Rd1 c5 15.
dxc5 Nxc5 16. b4 Nd7 17. Nxd5 Bxd5 18. Rxd5 Qc7 19. Qb3 O-O 20. Be2 Nb6 21. Rd2
Rd8 22. Rxd8+ Qxd8 23. O-O Qd5 24. Qc2 Rd7 25. Rc1 Qb7 26. Bd3 g6 27. h5 Kg7
28. hxg6 hxg6 29. e6 Rd6 30. exf7 Qd5 31. Be4 Qxf7 32. Ne5 Qf6 33. Nxg6 Nc4 34.
Nxe7 Qxe7 35. Qc3+ Qf6 36. Qxf6+ Kxf6 37. a4 Nd2 38. Bc6 Nb3 39. Rb1 Nd2 40.
Rd1 Ke5 41. axb5 axb5 42. Re1+ Kf4 43. Bxb5 Rd4 44. g3+ Kf5 45. Kg2 Rxb4 46.
Bd3+ Kf6 47. Re2 Rb2 48. f4 Ra2 49. g4 Rb2 50. g5+ Kf7 51. f5 Kg7 52. Rf2 Kf7
53. f6 1-0

[Event "European Online Chess Club Cup 2021 - G"]
[Site "Tornelo.com"]
[Date "2021.03.27"]
[Round "2.2"]
[White "Svane, Rasmus"]
[Black "Wojtaszek, Radoslaw"]
[Result "1/2-1/2"]
[WhiteElo "2613"]
[BlackElo "2694"]
[PlyCount "153"]
[EventDate "2021.03.27"]
[EventType "team"]
[EventRounds "9"]
[WhiteTeam "Hamburger Schachklub 1830"]
[BlackTeam "Novy Bor"]

1. Nf3 d5 2. g3 c6 3. Bg2 Bg4 4. O-O Nd7 5. h3 Bh5 6. d4 e6 7. c4 Bd6 8. Qb3
Qb6 9. Nc3 Qxb3 10. axb3 a6 11. e4 dxe4 12. Nxe4 Bc7 13. Bf4 Bxf4 14. gxf4
O-O-O 15. c5 Bxf3 16. Nd6+ Kc7 17. Bxf3 Nh6 18. b4 Nf6 19. b5 axb5 20. Ra7 Rxd6
21. cxd6+ Kb6 22. Ra3 Rd8 23. Rd1 Rxd6 24. Kh2 Nf5 25. Rad3 Nh4 26. Kg3 Nf5+
27. Kh2 Rd8 28. Bg4 Ne7 29. Bf3 Ra8 30. Ra3 Rxa3 31. bxa3 Ka5 32. Rd3 Nf5 33.
Kg2 g6 34. Kf1 Nd6 35. Kg2 Nc4 36. Kg3 Nd6 37. Kg2 b4 38. axb4+ Kxb4 39. Rd1
Kc3 40. Be2 Nf5 41. Rd3+ Kc4 42. Rd1+ Kd5 43. Bf3+ Kd6 44. Kf1 Nd5 45. Bxd5
Kxd5 46. Ke2 Ke4 47. f3+ Kxf4 48. Kf2 b5 49. Re1 Kg5 50. Re5 Kf6 51. Rc5 Nxd4
52. Ke3 Nf5+ 53. Ke4 Ne7 54. f4 h6 55. Rc1 g5 56. fxg5+ hxg5 57. Rf1+ Kg6 58.
Ke5 Nd5 59. Kd6 b4 60. Kxc6 Nf4 61. h4 e5 62. hxg5 Kxg5 63. Kc5 e4 64. Kd4 f5
65. Rg1+ Kf6 66. Rb1 Nd3 67. Kd5 Kg5 68. Kd4 Kg4 69. Rg1+ Kf3 70. Rf1+ Nf2 71.
Rb1 e3 72. Rxb4 e2 73. Rb3+ Kg2 74. Re3 Kf1 75. Rxe2 Kxe2 76. Ke5 f4 77. Kxf4
1/2-1/2

[Event "European Online Chess Club Cup 2021 - G"]
[Site "Tornelo.com"]
[Date "2021.03.27"]
[Round "2.3"]
[White "Navara, David"]
[Black "Hansen, Sune Berg"]
[Result "1-0"]
[WhiteElo "2697"]
[BlackElo "2533"]
[PlyCount "65"]
[EventDate "2021.03.27"]
[EventType "team"]
[EventRounds "9"]
[WhiteTeam "Novy Bor"]
[BlackTeam "Hamburger Schachklub 1830"]

1. c4 e5 2. g3 Nc6 3. Bg2 Bc5 4. Nc3 a6 5. Nf3 Ba7 6. b4 d6 7. b5 axb5 8. cxb5
Nd4 9. Nxd4 Bxd4 10. e3 Bxc3 11. dxc3 Nf6 12. a4 O-O 13. O-O Bg4 14. Qc2 Qc8
15. a5 Bh3 16. c4 Re8 17. e4 Bxg2 18. Kxg2 Re6 19. f3 c6 20. Qb3 d5 21. cxd5
cxd5 22. exd5 Rd6 23. Rd1 Qd8 24. Bb2 Nxd5 25. Kh1 Rxa5 26. Rxa5 Qxa5 27. Bxe5
Rd7 28. Rxd5 Qe1+ 29. Kg2 Qe2+ 30. Kh3 Qf1+ 31. Kh4 g5+ 32. Kxg5 h6+ 33. Kh4
1-0

[Event "European Online Chess Club Cup 2021 - G"]
[Site "Tornelo.com"]
[Date "2021.03.27"]
[Round "2.4"]
[White "Heinemann, Thies"]
[Black "Ragger, Markus"]
[Result "1/2-1/2"]
[WhiteElo "2502"]
[BlackElo "2680"]
[PlyCount "83"]
[EventDate "2021.03.27"]
[EventType "team"]
[EventRounds "9"]
[WhiteTeam "Hamburger Schachklub 1830"]
[BlackTeam "Novy Bor"]

1. e4 e5 2. Nf3 Nc6 3. Bb5 a6 4. Bxc6 dxc6 5. O-O Bg4 6. h3 h5 7. d3 Qf6 8. Be3
Bxf3 9. Qxf3 Qxf3 10. gxf3 Bd6 11. Nd2 Ne7 12. Nc4 Ng6 13. Rfd1 Nh4 14. f4 exf4
15. Nxd6+ cxd6 16. Bxf4 Kd7 17. Bg3 Ng6 18. Re1 Raf8 19. a4 f5 20. exf5 Rxf5
21. Ra3 Rg5 22. Kf1 Rf8 23. d4 Rgf5 24. Re2 Rf3 25. Rxf3 Rxf3 26. Kg2 Rf5 27.
Re3 Rg5 28. Kf1 Rd5 29. Rb3 b5 30. axb5 axb5 31. Ra3 Ne7 32. Ra7+ Ke6 33. c3 g5
34. Ke2 b4 35. Ra8 h4 36. Bh2 bxc3 37. bxc3 Rb5 38. Rh8 Nf5 39. Re8+ Ne7 40.
Rh8 Nf5 41. Re8+ Ne7 42. Rh8 1/2-1/2

[Event "European Online Chess Club Cup 2021 - G"]
[Site "Tornelo.com"]
[Date "2021.03.27"]
[Round "3.1"]
[White "Edouard, Romain"]
[Black "Vidit, Santosh Gujrathi"]
[Result "0-1"]
[WhiteElo "2611"]
[BlackElo "2726"]
[PlyCount "88"]
[EventDate "2021.03.27"]
[EventType "team"]
[EventRounds "9"]
[WhiteTeam "Club d'Echecs de Geneve"]
[BlackTeam "Novy Bor"]

1. d4 Nf6 2. c4 e6 3. Nc3 Bb4 4. Nf3 O-O 5. Bg5 c5 6. Rc1 cxd4 7. Nxd4 e5 8.
Ndb5 d5 9. cxd5 a6 10. Na3 Qxd5 11. Bxf6 Qxd1+ 12. Kxd1 gxf6 13. Nc4 Rd8+ 14.
Kc2 Nc6 15. Nb6 Rb8 16. Nxc8 Rbxc8 17. e3 Bxc3 18. bxc3 Nb4+ 19. Kb3 Nd3 20.
Bxd3 Rxd3 21. a4 e4 22. h4 f5 23. h5 Kg7 24. Rh4 Kf6 25. Rf4 Rg8 26. Rg1 Rg4
27. Rxg4 fxg4 28. Kc2 g3 29. Rf1 gxf2 30. Rxf2+ Ke6 31. Re2 f5 32. Re1 Kf6 33.
Rb1 Rxe3 34. Rxb7 Re2+ 35. Kd1 Rxg2 36. Rxh7 f4 37. h6 f3 38. Rh8 Kg6 39. h7
Kg7 40. Re8 Kxh7 41. Ke1 Re2+ 42. Kf1 Kg6 43. c4 Kf5 44. c5 Rc2 0-1

[Event "European Online Chess Club Cup 2021 - G"]
[Site "Tornelo.com"]
[Date "2021.03.27"]
[Round "3.3"]
[White "Sokolov, Andrei"]
[Black "Navara, David"]
[Result "1/2-1/2"]
[WhiteElo "2490"]
[BlackElo "2697"]
[PlyCount "102"]
[EventDate "2021.03.27"]
[EventType "team"]
[EventRounds "9"]
[WhiteTeam "Club d'Echecs de Geneve"]
[BlackTeam "Novy Bor"]

1. e4 c5 2. Nf3 d6 3. c3 Nf6 4. Be2 Nbd7 5. d3 b6 6. Nbd2 Bb7 7. O-O g6 8. Re1
Bg7 9. Bf1 O-O 10. a4 e5 11. a5 b5 12. a6 Bc8 13. b4 Qb6 14. bxc5 dxc5 15. d4
exd4 16. cxd4 Bxa6 17. e5 Nd5 18. dxc5 Nxc5 19. Bb2 Nf4 20. Bd4 Nfe6 21. Be3
Rfd8 22. Qb1 Rac8 23. Ne4 Bb7 24. Nxc5 Nxc5 25. Qxb5 Bxf3 26. gxf3 Bxe5 27.
Rac1 Bd4 28. Bxd4 Qxb5 29. Bxb5 Rxd4 30. Re5 Rf4 31. Rexc5 Rxc5 32. Rxc5 Rxf3
33. Rc7 a5 34. Ra7 Kg7 35. Be8 Rf5 36. Kg2 Rg5+ 37. Kf1 Rf5 38. Ba4 Rh5 39. Bb3
Rxh2 40. Rxf7+ Kh6 41. Ra7 Rh5 42. Bg8 Rc5 43. Rxh7+ Kg5 44. Ra7 Kf4 45. Kg2
Rg5+ 46. Kf1 Rc5 47. Rf7+ Ke5 48. Kg2 Rc8 49. Ra7 Rxg8 50. Rxa5+ Kf6 51. Ra6+
Kg7 1/2-1/2

[Event "European Online Chess Club Cup 2021 - G"]
[Site "Tornelo.com"]
[Date "2021.03.27"]
[Round "4.2"]
[White "Admiraal, Miguoel"]
[Black "Wojtaszek, Radoslaw"]
[Result "0-1"]
[WhiteElo "2475"]
[BlackElo "2694"]
[PlyCount "61"]
[EventDate "2021.03.27"]
[EventType "team"]
[EventRounds "9"]
[WhiteTeam "De Pluspion Wachtebeke"]
[BlackTeam "Novy Bor"]

1. d4 Nf6 2. Bg5 d5 3. e3 c5 4. Nd2 cxd4 5. exd4 Qb6 6. Nb3 Nc6 7. Bxf6 gxf6 8.
Nf3 Rg8 9. a4 a6 10. a5 Qc7 11. g3 Bg4 12. Be2 O-O-O 13. O-O e5 14. Re1 h5 15.
Nh4 Kb8 16. c3 e4 17. Nd2 Bh6 18. Nf1 Bh3 19. b4 f5 20. b5 Nxa5 21. bxa6 b6 22.
Qa4 Ka7 23. Reb1 Bg5 24. Ng2 h4 25. f4 hxg3 26. fxg5 gxh2+ 27. Nxh2 Bxg2 28.
Kxg2 Rxg5+ 29. Ng4 Rdg8 30. Kf2 Rxg4 31. Ke1 0-1

[Event "European Online Chess Club Cup 2021 - G"]
[Site "Tornelo.com"]
[Date "2021.03.27"]
[Round "4.4"]
[White "De Rover, Yong Hoon"]
[Black "Ragger, Markus"]
[Result "0-1"]
[WhiteElo "2349"]
[BlackElo "2680"]
[PlyCount "74"]
[EventDate "2021.03.27"]
[EventType "team"]
[EventRounds "9"]
[WhiteTeam "De Pluspion Wachtebeke"]
[BlackTeam "Novy Bor"]

1. Nf3 Nf6 2. c4 c5 3. Nc3 d5 4. cxd5 Nxd5 5. g3 Nc6 6. Bg2 g6 7. O-O Bg7 8.
Nxd5 Qxd5 9. d3 O-O 10. Be3 Bd7 11. Nd4 Qd6 12. Nxc6 Bxc6 13. Bxc6 Qxc6 14. Rc1
Qe6 15. Bxc5 Bxb2 16. Rb1 Bg7 17. Qd2 Rfc8 18. Rfc1 b6 19. Ba3 Bf6 20. Rxc8+
Rxc8 21. Rc1 Rxc1+ 22. Bxc1 h5 23. h4 a5 24. e3 Qg4 25. Kh2 Qa4 26. d4 b5 27.
Kg2 Qc4 28. a3 b4 29. axb4 axb4 30. Bb2 e6 31. e4 Bg7 32. f3 Bf8 33. d5 exd5
34. exd5 b3 35. Kh3 Qf1+ 36. Qg2 Qxg2+ 37. Kxg2 Bg7 0-1

[Event "European Online Chess Club Cup 2021 - G"]
[Site "Tornelo.com"]
[Date "2021.03.27"]
[Round "4.1"]
[White "Grandelius, Nils"]
[Black "Edouard, Romain"]
[Result "1-0"]
[WhiteElo "2670"]
[BlackElo "2611"]
[PlyCount "73"]
[EventDate "2021.03.27"]
[EventType "team"]
[EventRounds "9"]
[WhiteTeam "Hamburger Schachklub 1830"]
[BlackTeam "Club d'Echecs de Geneve"]

1. e4 e6 2. d4 d5 3. e5 c5 4. c3 Nc6 5. Nf3 Bd7 6. Be2 Qc7 7. O-O f6 8. Bf4
Nge7 9. Na3 a6 10. Qd2 Ng6 11. Bg3 fxe5 12. Nxe5 Ngxe5 13. dxe5 c4 14. Nc2 Bc5
15. b3 b5 16. Ne3 d4 17. cxd4 c3 18. Qd3 Nxd4 19. Bh5+ g6 20. Nd5 exd5 21. e6
Qc6 22. exd7+ Qxd7 23. Rfe1+ Kf7 24. Be5 Nf5 25. Bxh8 Rxh8 26. Bg4 h5 27. Bh3
d4 28. Re5 Qd6 29. Rae1 Ng7 30. Be6+ Nxe6 31. Rxe6 Qxe6 32. Rxe6 Kxe6 33. Qxg6+
Kd5 34. Qf5+ Kc6 35. Qf6+ Kb7 36. Qxh8 c2 37. Qh7+ 1-0

[Event "European Online Chess Club Cup 2021 - G"]
[Site "Tornelo.com"]
[Date "2021.03.28"]
[Round "5.1"]
[White "Gorodetzky, David"]
[Black "Vidit, Santosh Gujrathi"]
[Result "0-1"]
[WhiteElo "2495"]
[BlackElo "2726"]
[PlyCount "114"]
[EventDate "2021.03.27"]
[EventType "team"]
[EventRounds "9"]
[WhiteTeam "Tsafrir Rehovot Chess Club"]
[BlackTeam "Novy Bor"]

1. d4 Nf6 2. Nf3 e6 3. Bf4 c5 4. e3 b6 5. c3 Be7 6. h3 O-O 7. Bd3 cxd4 8. cxd4
Nc6 9. a3 d5 10. O-O Bb7 11. b4 Ne4 12. Nbd2 f5 13. Rc1 Rc8 14. Qb3 Bd6 15. Qb2
g5 16. Bxd6 Qxd6 17. Bb5 Ne7 18. Ne5 Nf6 19. Bd3 Kg7 20. f4 gxf4 21. exf4 Ng6
22. g3 Ne4 23. Kh2 Nxe5 24. dxe5 Qe7 25. Nf3 Kh8 26. Rxc8 Rxc8 27. Rc1 Rg8 28.
Rg1 Rg6 29. Qc1 Qg7 30. Qe1 Rh6 31. h4 d4 32. Qc1 Nf2 33. Be2 d3 34. Bd1 Qd7
35. Qd2 Nxd1 36. Qxd1 Qd5 37. Rf1 Rg6 38. Qc1 Rg7 39. h5 h6 40. Rf2 Kh7 41. Qc3
Rd7 42. Kg1 Qe4 43. Kh2 Kg7 44. Kh3 Kf8 45. Qd2 Ke7 46. Qc1 Kd8 47. Qd1 Rc7 48.
Rd2 Rc3 49. Ne1 Qh1+ 50. Rh2 Qf1+ 51. Kh4 Qg1 52. Qd2 Be4 53. a4 Rc7 54. Kh3
Rd7 55. b5 Ke8 56. Rf2 Qxf2 57. Qxf2 d2 0-1

[Event "European Online Chess Club Cup 2021 - G"]
[Site "Tornelo.com"]
[Date "2021.03.28"]
[Round "5.2"]
[White "Wojtaszek, Radoslaw"]
[Black "Parkhov, Yair"]
[Result "1-0"]
[WhiteElo "2694"]
[BlackElo "2407"]
[PlyCount "75"]
[EventDate "2021.03.27"]
[EventType "team"]
[EventRounds "9"]
[WhiteTeam "Novy Bor"]
[BlackTeam "Tsafrir Rehovot Chess Club"]

1. e4 e5 2. Nf3 Nc6 3. Bb5 a6 4. Ba4 Nf6 5. O-O Be7 6. d3 b5 7. Bb3 O-O 8. a4
Bb7 9. Nc3 b4 10. Nd5 Nxd5 11. Bxd5 d6 12. Be3 Qc8 13. Qd2 a5 14. c3 bxc3 15.
bxc3 Nd8 16. Bxb7 Qxb7 17. Rfb1 Qc6 18. Rb5 Ne6 19. Rab1 h6 20. Qc2 Bg5 21.
Nxg5 hxg5 22. Qb3 Nf4 23. Bxf4 gxf4 24. f3 g6 25. d4 Rfe8 26. Rd1 Kg7 27. c4
exd4 28. Rxd4 Re5 29. Rdd5 Rxd5 30. Rxd5 f6 31. Rb5 Ra6 32. h4 Rb6 33. Kh2 Rxb5
34. cxb5 Qc5 35. Qe6 g5 36. Qe7+ Kg6 37. h5+ Kh6 38. Qf7 1-0